| 000 | 00772nam a2200229Ia 4500 | ||
|---|---|---|---|
| 999 |
_c21265 _d21265 |
||
| 082 | _aTS.0849 | ||
| 100 | _aSheikh, Ahijuddin | ||
| 245 | 0 | _aStudy of land celiing measures and their impact in Assam with special reference to Golapare District | |
| 260 |
_c1994 _bGauhati University |
||
| 300 | _a416p. | ||
| 650 | _aLAND REFORM///LAND USE, RURAL | ||
| 650 | _aLAND REFORM///SOCIAL POLICY | ||
| 650 | _aCEILING OF LAND HOLDINGS - ASSAM - GOALPARA DISTRICT | ||
| 650 | _aLAND HOLDINGS, CEILING OF//CEILING OF LAND HOLDINGS | ||
| 650 | _aLAND REFORM - ASSAM - GOALPARA DISTRICT | ||
| 650 | _aECONOMIC POLICY | ||
| 650 | _aLAND USE, RURAL | ||
| 650 | _aSOCIAL POLICY | ||
| 650 | _aLAND REFORM///ECONOMIC POLICY | ||
| 710 | _aChoudhury, R.K. | ||
| 942 |
_cTH _2ddc |
||